Statistics for Every Modern-Day Country Colonized by Europeans

Click here to take the quiz!

General Stats

  • This quiz has been taken 133 times
  • The average score is 118 of 126

Answer Stats

HintAnswer% Correct
AlgeriaFrance
99%
CanadaFrance | United Kingdom
98%
AustraliaUnited Kingdom
98%
Costa RicaSpain
97%
ColombiaSpain
97%
CubaSpain
97%
BelizeSpain | United Kingdom
97%
BahrainUnited Kingdom
97%
BahamasUnited Kingdom
97%
BarbadosUnited Kingdom
97%
BangladeshUnited Kingdom
97%
CyprusUnited Kingdom
97%
China (Hong Kong and Macau)United Kingdom | Portugal
97%
GabonFrance
96%
ChadFrance
96%
Central African RepublicFrance
96%
DjiboutiFrance
96%
CambodiaFrance
96%
BeninFrance
96%
Burkina FasoFrance
96%
CameroonFrance | Germany | United Kingdom
96%
DominicaFrance | United Kingdom
96%
GambiaFrance | United Kingdom
96%
EgyptFrance | United Kingdom
96%
GrenadaFrance | United Kingdom
96%
GhanaGermany | Netherlands | United Kingdom
96%
Cape VerdePortugal
96%
BrasilPortugal | Netherlands
96%
ArgentinaSpain
96%
ChileSpain
96%
EcuadorSpain
96%
BoliviaSpain
96%
GuatemalaSpain
96%
Dominican RepublicSpain | France
96%
HaitiSpain | France
96%
HondurasSpain | United Kingdom
96%
BotswanaUnited Kingdom
96%
BruneiUnited Kingdom
96%
FijiUnited Kingdom
96%
Antigua and BarbudaUnited Kingdom
96%
IndiaUnited Kingdom | Netherlands
96%
Democratic Republic of the CongoBelgium
95%
BurundiBelgium | Germany
95%
LaosFrance
95%
GuineaFrance
95%
KenyaGermany | United Kingdom
95%
AngolaPortugal
95%
JamaicaSpain | United Kingdom
95%
Federated States of MicronesiaUnited Kingdom
95%
KuwaitUnited Kingdom
95%
KiribatiUnited Kingdom
95%
EswatiniUnited Kingdom
95%
IraqUnited Kingdom
95%
Israel/PalestineUnited Kingdom
95%
JordanUnited Kingdom
95%
MadagascarFrance
94%
MaliFrance
94%
LebanonFrance
94%
Papua New GuineaGermany | United Kingdom
94%
NamibiaGermany | United Kingdom
94%
NauruGermany | United Kingdom
94%
East TimorPortugal
94%
Equatorial GuineaPortugal | Spain
94%
PeruSpain
94%
ParaguaySpain
94%
MoroccoSpain
94%
MexicoSpain
94%
PanamaSpain
94%
NicaraguaSpain | United Kingdom
94%
PakistanUnited Kingdom
94%
MaltaUnited Kingdom
94%
MalaysiaUnited Kingdom
94%
New ZealandUnited Kingdom
94%
LesothoUnited Kingdom
94%
OmanUnited Kingdom
94%
MalawiUnited Kingdom
94%
NigerFrance
93%
Ivory CoastFrance
93%
MauritaniaFrance
93%
MauritiusFrance
93%
LibyaFrance | Italy
93%
SamoaGermany | United Kingdom
93%
Guinea-BissauPortugal
93%
MyanmarUnited Kingdom
93%
QatarUnited Kingdom
93%
NigeriaUnited Kingdom
93%
Republic of the CongoFrance
92%
MoroccoFrance
92%
EritreaItaly
92%
IndonesiaNetherlands
92%
Solomon IslandsUnited Kingdom
92%
SingaporeUnited Kingdom
92%
St. Vincent and the GrenadinesFrance
91%
St. Kitts and NevisFrance
91%
SeychellesFrance
91%
SenegalFrance
91%
ComorosFrance
91%
St. LuciaFrance
91%
SomaliaItaly | United Kingdom
91%
Sri LankaNetherlands | United Kingdom
91%
PhilippinesSpain
91%
Sierra LeoneUnited Kingdom
91%
South AfricaUnited Kingdom | Netherlands
91%
TogoFrance | Germany | United Kingdom
90%
TanzaniaGermany | United Kingdom
90%
GuyanaNetherlands
90%
MozambiquePortugal
90%
TongaUnited Kingdom
90%
RwandaBelgium | Germany
89%
TunisiaFrance
89%
Sao Tome and PrincipePortugal
89%
UruguaySpain
89%
Trinidad and TobagoSpain
89%
United StatesSpain | France | United Kingdom | Netherlands
89%
SudanUnited Kingdom
89%
United Arab EmiratesUnited Kingdom
89%
UgandaUnited Kingdom
89%
TuvaluUnited Kingdom
89%
SyriaFrance
88%
VietnamFrance
88%
VanuatuFrance | United Kingdom
88%
VenezuelaSpain
88%
YemenUnited Kingdom
88%
ZambiaUnited Kingdom
88%
ZimbabweUnited Kingdom
88%
SurinameNetherlands
86%

Score Distribution

Percentile by Number Answered

Percent of People with Each Score

Your Score History

You have not taken this quiz